[Event "OHS 2020"]
[Site "Herne-Sodingen"]
[Date "2020.03.02"]
[Round "5.16"]
[White "Boost, Jürgen"]
[Black "Berthy, Andreas"]
[Result "1/2-1/2"]
[WhiteElo "1807"]
[BlackElo "1605"]
[PlyCount "54"]
[EventDate "2020.??.??"]
[WhiteTeam "SC Gerthe 46 - Werne"]
[BlackTeam "vereinslos"]

1. e4 e5 2. Nf3 d6 3. d4 Nd7 4. Bc4 h6 5. dxe5 dxe5 6. O-O Ngf6 7. Nc3 a6 8. h3
Bd6 9. Re1 O-O 10. Nd5 Nxd5 11. Bxd5 Nf6 12. Bb3 Nh7 13. a4 Qf6 14. Qe2 g5 15.
Nh2 Qg6 16. g4 Be6 17. Nf1 Bxb3 18. cxb3 Bb4 19. Rd1 Rfd8 20. Ng3 Rxd1+ 21.
Qxd1 Qf6 22. Be3 Rd8 23. Qe2 Rd7 24. Rc1 Qd8 25. Nf5 Bf8 26. Kg2 Nf6 27. Ng3
Ne8 1/2-1/2

[Event "OHS 2020"]
[Site "Herne-Sodingen"]
[Date "2020.03.02"]
[Round "5.17"]
[White "Kowalczyk, Frank"]
[Black "Neumann, Frank"]
[Result "1-0"]
[WhiteElo "1754"]
[BlackElo "1266"]
[PlyCount "41"]
[EventDate "2020.??.??"]
[WhiteTeam "SK Sodingen/Castrop 24/23 e. V."]
[BlackTeam "SV Waltrop 1922 e. V."]

1. e4 e5 2. Nf3 Nc6 3. Bc4 Bc5 4. c3 Nf6 5. d3 a6 6. Bb3 O-O 7. O-O d6 8. h3
Ba7 9. Nbd2 Qe7 10. Re1 Be6 11. Bc2 d5 12. Nf1 Qd6 13. Ng3 g6 14. exd5 Bxd5 15.
Ne4 Nxe4 16. dxe4 Be6 17. Qe2 Rad8 18. Bh6 Rfe8 19. Ng5 f6 20. Nxe6 Qxe6 21.
Bb3 1-0

[Event "OHS 2020"]
[Site "Herne-Sodingen"]
[Date "2020.03.02"]
[Round "5.18"]
[White "Krolik, Wilfried"]
[Black "Deno, Thomas"]
[Result "1-0"]
[WhiteElo "1503"]
[BlackElo "1377"]
[PlyCount "59"]
[EventDate "2020.??.??"]
[WhiteTeam "SV Waltrop 1922 e. V."]
[BlackTeam "SC Buer-Hassel 1919 e. V."]

1. e4 d6 2. Nc3 Nf6 3. d4 g6 4. Nf3 Bg7 5. h3 O-O 6. Be3 Nbd7 7. Be2 c6 8. Qd2
b5 9. a3 Bb7 10. O-O e5 11. Rad1 exd4 12. Bxd4 d5 13. exd5 cxd5 14. Bxb5 Ne4
15. Qd3 Ndf6 16. Qe3 a6 17. Ba4 Rc8 18. Nd2 Bc6 19. Ndxe4 Nxe4 20. Bxc6 Rxc6
21. Bxg7 Nxc3 22. Bxc3 Re6 23. Qd4 f6 24. Qxd5 Qe7 25. Rfe1 Re8 26. Rd3 Kg7 27.
Rxe6 Qxe6 28. Qxe6 Rxe6 29. Rd7+ Kh6 30. Kf1 1-0

[Event "OHS 2020"]
[Site "Herne-Sodingen"]
[Date "2020.03.02"]
[Round "5.19"]
[White "Rath, Michael"]
[Black "Scheithauer, Ralf"]
[Result "1-0"]
[WhiteElo "1822"]
[BlackElo "1313"]
[PlyCount "143"]
[EventDate "2020.??.??"]
[WhiteTeam "SV Königsspringer Halt"]
[BlackTeam "Bochumer SV 02"]

1. d4 Nf6 2. Nf3 d5 3. Bf4 Bf5 4. e3 e6 5. c4 c6 6. Nc3 Bd6 7. Bg3 O-O 8. Qb3
Bxg3 9. hxg3 Qc7 10. Rc1 Qb6 11. Be2 Qxb3 12. axb3 Nbd7 13. O-O h6 14. Ra1 Rfe8
15. Ra5 Bc2 16. Rfa1 a6 17. b4 Rab8 18. Kf1 Nb6 19. Ne5 Nbd7 20. Nf3 Nb6 21.
Nd2 Bh7 22. b3 Red8 23. Ke1 Kf8 24. b5 axb5 25. cxb5 Ra8 26. bxc6 bxc6 27. Ba6
Rd7 28. b4 Rda7 29. Nb3 Nfd7 30. b5 Nc4 31. R5a2 cxb5 32. Nxb5 Ndb6 33. Nxa7
Rxa7 34. Nc5 Nd6 35. Ke2 Ke7 36. Nd3 Rc7 37. Nc5 Nd7 38. Nxd7 Kxd7 39. g4 g5
40. f3 Ke7 41. Rh1 Bg6 42. Rxh6 Kf6 43. Rh8 Ra7 44. Rh1 Nb5 45. Kd2 Nd6 46.
Rha1 Rc7 47. g3 Ra7 48. Bd3 Rxa2+ 49. Rxa2 Bxd3 50. Kxd3 Nc4 51. e4 Nb6 52. Ra6
dxe4+ 53. fxe4 Nd7 54. e5+ Kg7 55. Ke4 Nf8 56. Ra7 Kg6 57. Ra8 Kg7 58. Rd8 Ng6
59. d5 exd5+ 60. Kf5 Nf8 61. Rxd5 Ne6 62. Rd6 Nc5 63. Kxg5 Ne4+ 64. Kf5 Nxd6+
65. exd6 Kf8 66. g5 Ke8 67. Kf6 Kf8 68. d7 Kg8 69. d8=Q+ Kh7 70. g6+ fxg6 71.
Qe7+ Kh6 72. Qg7+ 1-0

[Event "OHS 2020"]
[Site "Herne-Sodingen"]
[Date "2020.03.02"]
[Round "5.20"]
[White "Picker, Andre"]
[Black "Ehm, Christian"]
[Result "1-0"]
[WhiteElo "1559"]
[BlackElo "1282"]
[PlyCount "89"]
[EventDate "2020.??.??"]
[WhiteTeam "SC an der Uni Bochum 196"]
[BlackTeam "Bochumer SV 02"]

1. d4 d5 2. e3 Nf6 3. Nc3 e6 4. Bd2 c5 5. Bb5+ Bd7 6. Bxd7+ Nbxd7 7. Nge2 Bd6
8. Nb5 Qb6 9. Nxd6+ Qxd6 10. h3 b6 11. Ng3 O-O 12. c3 Rfd8 13. O-O e5 14. Nf5
Qe6 15. Qf3 e4 16. Qf4 Nf8 17. g4 Ng6 18. Qg3 Ne7 19. Nh4 g6 20. Ng2 Qd6 21.
Qh4 Kg7 22. dxc5 bxc5 23. c4 h5 24. g5 Nh7 25. Rad1 Nf5 26. Qf4 Qe7 27. h4 d4
28. a3 f6 29. b4 fxg5 30. hxg5 Nxg5 31. Kh2 Nf3+ 32. Kh1 d3 33. Bc3+ Kh7 34.
bxc5 Qxc5 35. Qxe4 Ng5 36. Qb7+ Qe7 37. Qxe7+ Nxe7 38. Bf6 Ne4 39. Bxe7 Rd7 40.
Bb4 Rc8 41. c5 Nxc5 42. Bxc5 Rxc5 43. Rd2 Ra5 44. Ra1 Kg7 45. Nf4 1-0

[Event "OHS 2020"]
[Site "Herne-Sodingen"]
[Date "2020.03.02"]
[Round "5.21"]
[White "Heiduk, Christopher"]
[Black "Wolff, Manuela"]
[Result "1-0"]
[WhiteElo "1500"]
[BlackElo "738"]
[PlyCount "53"]
[EventDate "2020.??.??"]
[WhiteTeam "SV Datteln 1924"]
[BlackTeam "SC Buer-Hassel 1919 e. V."]

1. d4 Nc6 2. e4 e5 3. Nf3 d6 4. Bb5 Bd7 5. Nc3 a6 6. Ba4 Be7 7. O-O Bf6 8. dxe5
dxe5 9. Nd5 b5 10. Bb3 Be6 11. Re1 Na5 12. Nxf6+ Nxf6 13. Qxd8+ Rxd8 14. Bxe6
fxe6 15. Nxe5 O-O 16. Bg5 c5 17. Nd3 Nb7 18. e5 c4 19. Nf4 Nc5 20. exf6 gxf6
21. Bh6 Rf7 22. Nxe6 Re7 23. Nxd8 Re4 24. Rxe4 Nxe4 25. Re1 Nd6 26. Re6 Nf7 27.
Re8# 1-0

[Event "OHS 2020"]
[Site "Herne-Sodingen"]
[Date "2020.03.02"]
[Round "5.22"]
[White "Deppe, Stephan"]
[Black "Eibl, Rüdiger"]
[Result "0-1"]
[WhiteElo "1109"]
[BlackElo "1605"]
[PlyCount "72"]
[EventDate "2020.??.??"]
[WhiteTeam "SC an der Uni Bochum 196"]
[BlackTeam "SC Buer-Hassel 1919 e. V."]

1. e4 d6 2. d4 Nf6 3. Nc3 g6 4. Nf3 Bg7 5. Be2 Nbd7 6. Bg5 a6 7. Qd2 b5 8. e5
dxe5 9. Nxe5 Bb7 10. Nf3 Nb6 11. Bxf6 Bxf6 12. O-O-O e6 13. Rhe1 O-O 14. g4
Bxf3 15. Bxf3 Bg5 16. Re3 Rb8 17. h4 Bxh4 18. Ne4 f5 19. gxf5 exf5 20. Nc5 Nc4
21. Ne6 Nxd2 22. Nxd8 Rfxd8 23. Rxd2 Bg5 24. Red3 Rb6 25. Kd1 Bxd2 26. Kxd2 Kf7
27. c3 h5 28. Ke3 Kf6 29. Kf4 h4 30. Bg2 Re8 31. Re3 Rbe6 32. b3 Rxe3 33. fxe3
Rh8 34. e4 g5+ 35. Ke3 fxe4 36. Bxe4 Re8 0-1

[Event "OHS 2020"]
[Site "Herne-Sodingen"]
[Date "2020.03.02"]
[Round "5.23"]
[White "Böcher, Joachim"]
[Black "Bock, Oswin"]
[Result "1-0"]
[WhiteElo "1480"]
[BlackElo "1426"]
[PlyCount "113"]
[EventDate "2020.??.??"]
[WhiteTeam "SG Höntrop 1947"]
[BlackTeam "SG Höntrop 1947"]

1. d4 a6 2. c4 g6 3. Nc3 Bg7 4. Nf3 d6 5. h3 Bd7 6. e3 Nf6 7. Bd3 c6 8. O-O Qc8
9. Kh2 Qc7 10. Ng1 O-O 11. f4 e6 12. Nf3 Re8 13. Qc2 Bc8 14. c5 d5 15. Ne5 Nbd7
16. Nxd7 Bxd7 17. Ne2 Kh8 18. Bd2 Ng8 19. Ng1 Ne7 20. Nf3 Nf5 21. g4 Nh6 22.
Kg2 Rf8 23. Rh1 Ng8 24. Rag1 Ne7 25. h4 f5 26. g5 Kg8 27. h5 gxh5 28. Rxh5 Ng6
29. Rgh1 Kf7 30. Rxh7 Rh8 31. Rxh8 Rxh8 32. Rxh8 Bxh8 33. Qd1 Bg7 34. Qh1 Qd8
35. Qh7 Qh8 36. Qxh8 Bxh8 37. Kg3 Bg7 38. Ba5 Ke7 39. Bc7 Bc8 40. Be2 Kd7 41.
Bb6 Ke7 42. b3 Kf7 43. Ng1 Nf8 44. Bh5+ Ke7 45. Nf3 Nd7 46. Ba5 Kf8 47. Bg6 Kg8
48. Kh4 Nf8 49. Bh5 Kh7 50. Ng1 Ng6+ 51. Kg3 Nh8 52. Nf3 Ng6 53. Kh3 Bd7 54.
Kg2 Be8 55. Kg3 Bf7 56. Nh4 Bf8 57. Bd8 1-0

[Event "OHS 2020"]
[Site "Herne-Sodingen"]
[Date "2020.03.09"]
[Round "6.1"]
[White "Wolff, Christoph"]
[Black "Quast, Marcel"]
[Result "0-1"]
[WhiteElo "1964"]
[BlackElo "2236"]
[PlyCount "42"]
[EventDate "2020.??.??"]
[WhiteTeam "SC Buer-Hassel 1919 e. V."]
[BlackTeam "SC Gerthe 46 - Werne"]

1. e4 d6 2. d4 c6 3. Nc3 Qc7 4. f4 e5 5. Nf3 Bg4 6. Be2 Bxf3 7. Bxf3 exd4 8.
Qxd4 Nd7 9. Be3 Ngf6 10. O-O-O Be7 11. g4 O-O 12. g5 Ne8 13. Bg4 b5 14. e5 Nb6
15. Ne4 Nc4 16. exd6 Nexd6 17. Bf2 Rfd8 18. Bg3 Qa5 19. a3 Nxe4 20. Qxe4 Bxa3
21. Rd7 Bxb2+ 0-1

[Event "OHS 2020"]
[Site "Herne-Sodingen"]
[Date "2020.03.09"]
[Round "6.2"]
[White "Melmer, Felix"]
[Black "Kiese, Matthias"]
[Result "1/2-1/2"]
[WhiteElo "1833"]
[BlackElo "2176"]
[PlyCount "54"]
[EventDate "2020.??.??"]
[WhiteTeam "SC Gerthe 46 - Werne"]
[BlackTeam "Bochumer SV 02"]

1. d4 d5 2. c4 e6 3. Nc3 Nf6 4. cxd5 exd5 5. Bg5 Be7 6. e3 c6 7. Bd3 Nbd7 8.
Qc2 Nf8 9. Nge2 Ne6 10. Bxf6 Bxf6 11. O-O g6 12. b4 a6 13. a4 O-O 14. Qb3 Ng7
15. b5 axb5 16. axb5 Bf5 17. Bxf5 Nxf5 18. bxc6 bxc6 19. Qb7 Qc8 20. Qxc8 Rfxc8
21. Na4 Ra7 22. Nb6 Rcc7 23. Rxa7 Rxa7 24. Rc1 Bd8 25. Nc8 Rc7 26. Nb6 Ra7 27.
Nc8 Rc7 1/2-1/2

[Event "OHS 2020"]
[Site "Herne-Sodingen"]
[Date "2020.03.09"]
[Round "6.3"]
[White "Ophüls, Jan"]
[Black "Hammerich, Simon"]
[Result "1/2-1/2"]
[WhiteElo "2090"]
[BlackElo "2032"]
[PlyCount "59"]
[EventDate "2020.??.??"]
[WhiteTeam "SK Turm Rheydt 1929 e. V"]
[BlackTeam "SC Buer-Hassel 1919 e. V."]

1. e4 e5 2. Nf3 Nc6 3. Bc4 Nf6 4. Ng5 d5 5. exd5 Na5 6. Bb5+ c6 7. dxc6 bxc6 8.
Be2 h6 9. Nf3 e4 10. Ne5 Bc5 11. c3 O-O 12. O-O Bd6 13. d4 exd3 14. Nxd3 Re8
15. g3 Bf5 16. Nf4 Qc7 17. Be3 Rad8 18. Qa4 Re4 19. b4 Bxf4 20. gxf4 Rxe3 21.
fxe3 Qe7 22. Rf3 Bg4 23. bxa5 Bxf3 24. Bxf3 Qxe3+ 25. Kg2 Rd3 26. Qxc6 Qxf4 27.
a4 Qg5+ 28. Kf2 Qe3+ 29. Kg2 Qg5+ 30. Kf2 1/2-1/2

[Event "OHS 2020"]
[Site "Herne-Sodingen"]
[Date "2020.03.09"]
[Round "6.4"]
[White "Koscielski, Janusz"]
[Black "Wingerning, Gerd"]
[Result "1-0"]
[WhiteElo "2215"]
[BlackElo "1740"]
[PlyCount "79"]
[EventDate "2020.??.??"]
[WhiteTeam "SV Wattenscheid 1930 e"]
[BlackTeam "SC Buer-Hassel 1919 e. V."]

1. e4 d5 2. exd5 Qxd5 3. Nf3 Nf6 4. d4 Bf5 5. Be2 Nbd7 6. O-O e6 7. c4 Qe4 8.
Nc3 Qc2 9. Nb5 Qxd1 10. Rxd1 Bd6 11. c5 a6 12. cxd6 axb5 13. dxc7 Nd5 14. Bxb5
Nxc7 15. Be2 Bc2 16. Re1 Nd5 17. Bd2 O-O 18. Rec1 Ba4 19. b3 Bc6 20. a4 N7f6
21. g3 Ne4 22. Be1 f6 23. Nd2 Nxd2 24. Bxd2 Rfd8 25. Be3 Kf7 26. Rc5 g5 27.
Rac1 h6 28. a5 Nb4 29. Kf1 Rd5 30. Rxd5 Bxd5 31. Rc7+ Kg6 32. Bd2 Nc6 33. Bd3+
Kh5 34. b4 Nxd4 35. Bc3 Nc6 36. h3 f5 37. Be2+ g4 38. Rg7 Bf3 39. Bxf3 gxf3 40.
Bf6 1-0

[Event "OHS 2020"]
[Site "Herne-Sodingen"]
[Date "2020.03.09"]
[Round "6.5"]
[White "Löffelbein, Klaus"]
[Black "Cobanoglu, Ferhat"]
[Result "0-1"]
[WhiteElo "1843"]
[BlackElo "1743"]
[PlyCount "90"]
[EventDate "2020.??.??"]
[WhiteTeam "SC Gerthe 46 - Werne"]
[BlackTeam "SK Sodingen/Castrop 24/23 e. V."]

1. d4 d6 2. Nf3 Nd7 3. g3 e5 4. Bg2 c6 5. c4 g6 6. O-O Bg7 7. Bg5 Qc7 8. Nc3 h6
9. Be3 Ne7 10. d5 c5 11. Nb5 Qb8 12. Bd2 a6 13. Nc3 b5 14. cxb5 axb5 15. e4 Ba6
16. Re1 b4 17. Nb1 f5 18. Nh4 Nf6 19. Qc2 Bc8 20. b3 fxe4 21. Bxe4 Nxe4 22.
Qxe4 g5 23. Ng2 Bf5 24. Qc4 e4 25. Nc3 bxc3 26. Bxc3 Bxc3 27. Qxc3 O-O 28. Ne3
Qb4 29. Qb2 Ng6 30. Nc4 Ra6 31. Qe2 Ne7 32. Qh5 Kh7 33. Red1 Qb7 34. Ne3 Bg6
35. Qe2 Nf5 36. Nc4 Nd4 37. Qb2 Nf3+ 38. Kg2 Qd7 39. Ne3 Ne5 40. Rd2 Bh5 41. h3
Nf3 42. Rc2 Nd4 43. Rd2 Bf3+ 44. Kh2 Qg7 45. Re1 Bh5 0-1

[Event "OHS 2020"]
[Site "Herne-Sodingen"]
[Date "2020.03.09"]
[Round "6.6"]
[White "Wiechen, Ulrich"]
[Black "Klein, Andreas"]
[Result "1-0"]
[WhiteElo "1910"]
[BlackElo "1699"]
[PlyCount "42"]
[EventDate "2020.??.??"]
[WhiteTeam "SC Buer-Hassel 1919 e. V."]
[BlackTeam "SF Gelsenkirchen 2002"]

1. e4 c5 2. Nf3 e6 3. d4 cxd4 4. Nxd4 Nc6 5. Nc3 a6 6. Be3 Qc7 7. f4 Bb4 8. Qg4
Bxc3+ 9. bxc3 Nce7 10. c4 Ng6 11. Bd3 Nf6 12. Qf3 d6 13. O-O Bd7 14. Rab1 Bc6
15. Nxc6 Qxc6 16. Rb6 Qc7 17. e5 dxe5 18. Rxb7 Qc8 19. Bxg6 fxg6 20. fxe5 O-O
21. exf6 Rxf6 1-0

[Event "OHS 2020"]
[Site "Herne-Sodingen"]
[Date "2020.03.09"]
[Round "6.7"]
[White "Kleinert, Andreas"]
[Black "Czarnik, Jozef"]
[Result "0-1"]
[WhiteElo "1767"]
[BlackElo "1897"]
[PlyCount "64"]
[EventDate "2020.??.??"]
[WhiteTeam "SF Gelsenkirchen 2002"]
[BlackTeam "SV Königsspringer Halt"]

1. c4 e5 2. g3 Nc6 3. Bg2 f5 4. e3 Nf6 5. Ne2 g6 6. Nbc3 Bg7 7. d3 O-O 8. O-O
d6 9. f4 Re8 10. e4 exf4 11. Bxf4 Nh5 12. Be3 fxe4 13. dxe4 Ne5 14. b3 Kh8 15.
h3 Be6 16. Qd2 Qd7 17. Kh2 Rf8 18. Bh6 Rae8 19. Bxg7+ Qxg7 20. Qe3 a6 21. Nd5
g5 22. Nb4 Nf6 23. Kh1 Qh6 24. Nd3 Bxh3 25. Nxe5 dxe5 26. Qc3 Ng4 27. Rf5 Rxf5
28. exf5 Bxg2+ 29. Kxg2 Qh2+ 30. Kf3 h5 31. Rf1 Kg8 32. Qd2 e4# 0-1

[Event "OHS 2020"]
[Site "Herne-Sodingen"]
[Date "2020.03.09"]
[Round "6.9"]
[White "Gritzan, Ulrich"]
[Black "Koch, Burkhard"]
[Result "1-0"]
[WhiteElo "1805"]
[BlackElo "1694"]
[PlyCount "74"]
[EventDate "2020.??.??"]
[WhiteTeam "SF Gelsenkirchen 2002"]
[BlackTeam "SG Höntrop 1947"]

1. d4 Nf6 2. c4 e6 3. Nf3 Bb4+ 4. Bd2 Bxd2+ 5. Qxd2 O-O 6. Nc3 b6 7. e4 Bb7 8.
Bd3 d6 9. O-O Nbd7 10. Rad1 Re8 11. Rfe1 e5 12. dxe5 Nxe5 13. Nxe5 dxe5 14. Qg5
Qe7 15. Qg3 c6 16. Rd2 Red8 17. Red1 Rd4 18. f3 Rad8 19. Ne2 R4d7 20. Qf2 Ba6
21. Qe3 Qb4 22. b3 Rd6 23. Kf2 c5 24. Rc2 Bb7 25. Nc3 Rd4 26. Nb5 R4d7 27. Nc3
Rd4 28. Nd5 Bxd5 29. cxd5 b5 30. Be2 a5 31. Rdc1 Rc8 32. Qc3 Qa3 33. Bxb5 Rc7
34. Bc4 Rxe4 35. Re1 Rxe1 36. Kxe1 Re7 37. d6 Re8 1-0

[Event "OHS 2020"]
[Site "Herne-Sodingen"]
[Date "2020.03.09"]
[Round "6.10"]
[White "Olbrich, Peter"]
[Black "Kowalczyk, Frank"]
[Result "0-1"]
[WhiteElo "1717"]
[BlackElo "1754"]
[PlyCount "114"]
[EventDate "2020.??.??"]
[WhiteTeam "SF Gelsenkirchen 2002"]
[BlackTeam "SK Sodingen/Castrop 24/23 e. V."]

1. Nf3 Nf6 2. g3 b6 3. Bg2 Bb7 4. O-O c5 5. b3 g6 6. Bb2 Bg7 7. d3 O-O 8. Nbd2
d6 9. e4 Nbd7 10. Qe2 a6 11. c3 b5 12. d4 e5 13. d5 Nb6 14. Rfd1 Bc8 15. c4 Bd7
16. a4 bxa4 17. Bc3 a5 18. Rdb1 Qe8 19. h3 Nh5 20. Nh4 Bf6 21. Nf5 Be7 22. Bf3
Nf6 23. Nxe7+ Qxe7 24. g4 Rfb8 25. Qe3 Kg7 26. g5 Ng8 27. Bg4 f5 28. exf5 gxf5
29. Bh5 Be8 30. Bxe8 Qxe8 31. f4 Nd7 32. Rxa4 Kg6 33. Rba1 exf4 34. Qxf4 Qe7
35. h4 Re8 36. Rxa5 Rxa5 37. Bxa5 Qe5 38. Qxe5 dxe5 39. Kg2 Kh5 40. Bc3 Kxh4
41. Ra7 Nf8 42. Nf3+ Kg4 43. Bxe5 Ng6 44. Rxh7 f4 45. d6 Nxe5 46. Nxe5+ Rxe5
47. Rg7 f3+ 48. Kf1 Kg3 49. Rf7 Re3 50. d7 Rd3 51. Ke1 Kg2 52. g6 Rxd7 53. b4
cxb4 54. c5 Re7+ 55. Kd1 f2 56. Rxe7 Nxe7 57. c6 f1=Q+ 0-1

[Event "OHS 2020"]
[Site "Herne-Sodingen"]
[Date "2020.03.09"]
[Round "6.11"]
[White "Gausmann, Thomas"]
[Black "Schmidt, Ralph"]
[Result "0-1"]
[WhiteElo "1681"]
[BlackElo "1913"]
[PlyCount "38"]
[EventDate "2020.??.??"]
[WhiteTeam "SG Bochum 1931"]
[BlackTeam "SV Bochum-Linden-Dahlh"]

1. e4 e5 2. Nf3 Nc6 3. Nc3 Nf6 4. d4 exd4 5. Nxd4 Be7 6. Be3 O-O 7. Qd2 Re8 8.
O-O-O Ng4 9. Bf4 Bb4 10. Ndb5 d6 11. f3 a6 12. Nxc7 Qxc7 13. fxg4 Bxg4 14. Bxd6
Qa5 15. Bxb4 Nxb4 16. Re1 Nxa2+ 17. Kb1 Rac8 18. Re3 Red8 19. Qe1 Nxc3+ 0-1

[Event "OHS 2020"]
[Site "Herne-Sodingen"]
[Date "2020.03.09"]
[Round "6.12"]
[White "Boxberg, Olaf"]
[Black "Krolik, Wilfried"]
[Result "1/2-1/2"]
[WhiteElo "1796"]
[BlackElo "1503"]
[PlyCount "53"]
[EventDate "2020.??.??"]
[WhiteTeam "SV Datteln 1924"]
[BlackTeam "SV Waltrop 1922 e. V."]

1. f4 d5 2. Nf3 Nf6 3. e3 Nc6 4. d4 g6 5. c3 Bg7 6. Bd3 O-O 7. O-O Bg4 8. Nbd2
e6 9. Qe1 Bf5 10. e4 dxe4 11. Nxe4 Re8 12. Nxf6+ Bxf6 13. Bxf5 exf5 14. Ne5 Qd5
15. Qg3 Bg7 16. Qf3 Qxf3 17. Rxf3 Nxe5 18. fxe5 f6 19. exf6 Bxf6 20. Re3 Rxe3
21. Bxe3 Re8 22. Kf2 c6 23. Rd1 a6 24. Re1 Re4 25. Bd2 Rxe1 26. Kxe1 Kf7 27.
Ke2 1/2-1/2

[Event "OHS 2020"]
[Site "Herne-Sodingen"]
[Date "2020.03.09"]
[Round "6.13"]
[White "Jähnicke, Karl-Heinz"]
[Black "Deutschmann, Jürgen"]
[Result "1-0"]
[WhiteElo "1742"]
[BlackElo "1580"]
[PlyCount "43"]
[EventDate "2020.??.??"]
[WhiteTeam "SV Rochade Eving 25/64"]
[BlackTeam "SV Hattingen e. V."]

1. f4 d5 2. Nf3 Bg4 3. Ne5 Bh5 4. g4 e6 5. h4 f6 6. e3 fxe5 7. gxh5 Be7 8. Qg4
Nf6 9. Qxe6 exf4 10. exf4 Nxh5 11. d4 Ng3 12. Rg1 Nh5 13. Rg5 Nf6 14. Rxg7 Rf8
15. Bh3 Qd7 16. Qe5 Qd6 17. Qe2 Nbd7 18. Nc3 c6 19. Bd2 Ne4 20. Nxe4 Bxh4+ 21.
Ng3+ Be7 22. Nf5 1-0

[Event "OHS 2020"]
[Site "Herne-Sodingen"]
[Date "2020.03.09"]
[Round "6.14"]
[White "Bialas, Jan-Philip"]
[Black "Rath, Michael"]
[Result "1/2-1/2"]
[WhiteElo "1558"]
[BlackElo "1822"]
[PlyCount "47"]
[EventDate "2020.??.??"]
[WhiteTeam "SV Datteln 1924"]
[BlackTeam "SV Königsspringer Halt"]

1. d4 d5 2. Bf4 Nf6 3. Nf3 Bf5 4. e3 e6 5. Be2 c5 6. c3 Qb6 7. Qc1 Nc6 8. Nh4
Bg6 9. Nxg6 hxg6 10. dxc5 Bxc5 11. Nd2 Nh5 12. Bxh5 Rxh5 13. Nf3 Ke7 14. Qd2 f6
15. O-O-O g5 16. Bg3 g4 17. Nd4 Nxd4 18. exd4 Bd6 19. Qe3 Bxg3 20. Qxg3 Qd6 21.
Qxg4 Rg5 22. Qf3 b5 23. g3 Rc8 24. Rhe1 1/2-1/2

[Event "OHS 2020"]
[Site "Herne-Sodingen"]
[Date "2020.03.09"]
[Round "6.15"]
[White "Lojack, Rouven"]
[Black "Boost, Jürgen"]
[Result "0-1"]
[WhiteElo "1527"]
[BlackElo "1807"]
[PlyCount "50"]
[EventDate "2020.??.??"]
[WhiteTeam "SV Königsspringer Halt"]
[BlackTeam "SC Gerthe 46 - Werne"]

1. e4 e5 2. Nf3 Nc6 3. Bb5 Bc5 4. c3 d6 5. Bxc6+ bxc6 6. d4 exd4 7. cxd4 Bb6 8.
O-O Nf6 9. Qc2 O-O 10. e5 Ne8 11. Qxc6 Rb8 12. Bg5 f6 13. Qd5+ Kh8 14. Bh4 Bb7
15. Qc4 Bxf3 16. gxf3 dxe5 17. dxe5 Qd4 18. Na3 fxe5 19. Be7 Rxf3 20. Qe2 Qg4+
21. Kh1 Qf5 22. Nc4 Bd4 23. Rad1 Nf6 24. Ne3 Qe4 25. Qd3 Rxe3+ 0-1

[Event "OHS 2020"]
[Site "Herne-Sodingen"]
[Date "2020.03.09"]
[Round "6.17"]
[White "Heiduk, Christopher"]
[Black "Ponto, Michael"]
[Result "0-1"]
[WhiteElo "1500"]
[BlackElo "1618"]
[PlyCount "104"]
[EventDate "2020.??.??"]
[WhiteTeam "SV Datteln 1924"]
[BlackTeam "SV Horst-Emscher 31"]

1. d4 d5 2. Nf3 Nf6 3. c4 c6 4. e3 Bg4 5. Nc3 e6 6. cxd5 exd5 7. Be2 Bd6 8. O-O
O-O 9. Ne5 Bxe2 10. Qxe2 Nbd7 11. Nxd7 Qxd7 12. f4 Rfe8 13. Qf3 Re7 14. Bd2
Rae8 15. Rae1 b5 16. h3 b4 17. Nd1 Ne4 18. Bc1 c5 19. Nf2 c4 20. Nxe4 Rxe4 21.
Qd1 a5 22. Re2 Bc7 23. Ref2 a4 24. Kh1 Ba5 25. f5 b3 26. axb3 axb3 27. f6 g6
28. Re2 Qd6 29. Rf3 R8e6 30. Qf1 Bb6 31. Rff2 Bd8 32. Bd2 Rxf6 33. Rxf6 Bxf6
34. Rf2 Kg7 35. g4 Qe6 36. Rf4 Bg5 37. Rxe4 Qxe4+ 38. Kh2 Bxe3 39. Bc3 f5 40.
gxf5 Bf4+ 41. Kg1 Qxf5 42. Qe1 Qg5+ 43. Kh1 Qg3 44. Qxg3 Bxg3 45. Kg2 Bf4 46.
Kf3 g5 47. Kg4 Kg6 48. Be1 h5+ 49. Kf3 Kf5 50. Bc3 g4+ 51. hxg4+ hxg4+ 52. Kg2
Ke4 0-1

[Event "OHS 2020"]
[Site "Herne-Sodingen"]
[Date "2020.03.09"]
[Round "6.18"]
[White "Berthy, Andreas"]
[Black "Brodt, Andreas"]
[Result "1/2-1/2"]
[WhiteElo "1605"]
[BlackElo "1534"]
[PlyCount "71"]
[EventDate "2020.??.??"]
[WhiteTeam "vereinslos"]
[BlackTeam "SC Gerthe 46 - Werne"]

1. e4 c5 2. c4 g6 3. Nf3 Bg7 4. Nc3 Nc6 5. d3 d6 6. h3 Nf6 7. Be3 Be6 8. Be2
O-O 9. Qd2 Re8 10. g4 Nd7 11. Ng5 Nf8 12. f4 f5 13. gxf5 gxf5 14. Bh5 fxe4 15.
Ncxe4 Bf5 16. Bxe8 Qxe8 17. Qg2 Nd4 18. Bxd4 cxd4 19. Rg1 Ng6 20. Qg3 Qa4 21.
Rg2 Rf8 22. h4 h5 23. Rf2 Bg4 24. Ne6 Rf5 25. Nxg7 Kxg7 26. Kf1 Qc6 27. Kg1 b5
28. b3 d5 29. cxb5 Qxb5 30. Ng5 Qb8 31. Re1 Rf6 32. Qh2 Qb4 33. Rc1 Bf5 34. Qg3
Bg4 35. Rcf1 Qb8 36. Kh2 1/2-1/2

[Event "OHS 2020"]
[Site "Herne-Sodingen"]
[Date "2020.03.09"]
[Round "6.19"]
[White "Neumann, Frank"]
[Black "Picker, Andre"]
[Result "0-1"]
[WhiteElo "1266"]
[BlackElo "1559"]
[PlyCount "60"]
[EventDate "2020.??.??"]
[WhiteTeam "SV Waltrop 1922 e. V."]
[BlackTeam "SC an der Uni Bochum 196"]

1. e4 e5 2. Nf3 d6 3. d4 exd4 4. Qxd4 Nc6 5. Bb5 Bd7 6. Bxc6 Bxc6 7. Nc3 f6 8.
Bf4 Ne7 9. O-O-O Ng6 10. Bg3 Be7 11. h4 a6 12. h5 Ne5 13. Nxe5 dxe5 14. Qxd8+
Rxd8 15. Rxd8+ Kxd8 16. Rd1+ Kc8 17. f3 Be8 18. Rh1 Bf7 19. Bf2 Rd8 20. g4 Bb4
21. a3 Bxc3 22. bxc3 Rd6 23. Rd1 Rc6 24. Kb2 Bc4 25. Rd2 Rd6 26. Rxd6 cxd6 27.
Be3 Be2 28. f4 Bxg4 29. fxe5 dxe5 30. h6 g6 0-1

[Event "OHS 2020"]
[Site "Herne-Sodingen"]
[Date "2020.03.09"]
[Round "6.20"]
[White "Scheithauer, Ralf"]
[Black "Böcher, Joachim"]
[Result "1/2-1/2"]
[WhiteElo "1313"]
[BlackElo "1480"]
[PlyCount "73"]
[EventDate "2020.??.??"]
[WhiteTeam "Bochumer SV 02"]
[BlackTeam "SG Höntrop 1947"]

1. e4 e6 2. Nf3 Be7 3. Nc3 b6 4. Be2 Bb7 5. d3 Nf6 6. Be3 O-O 7. a3 c5 8. b3
Nc6 9. O-O d5 10. exd5 exd5 11. Na4 Nd7 12. Nb2 Bf6 13. Rb1 Nde5 14. Bf4 Re8
15. Re1 Ng6 16. Bg3 Nce5 17. Nxe5 Nxe5 18. Bxe5 Bxe5 19. Bf3 Qd7 20. Re2 Bf6
21. Qe1 Rxe2 22. Qxe2 Re8 23. Qf1 Bc6 24. Nd1 d4 25. Bxc6 Qxc6 26. f3 Qe6 27.
Kf2 Bg5 28. g3 Be3+ 29. Kg2 Bd2 30. Nf2 Qe2 31. Qxe2 Rxe2 32. Kf1 Re7 33. Ne4
Bh6 34. Re1 Kf8 35. f4 a6 36. Re2 Re6 37. Kf2 1/2-1/2

[Event "OHS 2020"]
[Site "Herne-Sodingen"]
[Date "2020.03.09"]
[Round "6.21"]
[White "Deno, Thomas"]
[Black "Deppe, Stephan"]
[Result "1-0"]
[WhiteElo "1377"]
[BlackElo "1109"]
[PlyCount "53"]
[EventDate "2020.??.??"]
[WhiteTeam "SC Buer-Hassel 1919 e. V."]
[BlackTeam "SC an der Uni Bochum 196"]

1. Nf3 d5 2. d4 Nf6 3. c4 e6 4. Nc3 Be7 5. Bf4 O-O 6. e3 a6 7. Bd3 Nbd7 8. O-O
b6 9. Rc1 Bb7 10. Re1 c5 11. Qd2 Nh5 12. e4 Nxf4 13. Qxf4 dxe4 14. Bxe4 Bxe4
15. Nxe4 h6 16. Rcd1 Qb8 17. Qe3 Qc7 18. d5 exd5 19. cxd5 Bd6 20. Nxd6 Qxd6 21.
Qe7 Qxe7 22. Rxe7 Rad8 23. d6 f6 24. Nh4 Ne5 25. f4 Nf7 26. d7 g5 27. Ng6 1-0

[Event "OHS 2020"]
[Site "Herne-Sodingen"]
[Date "2020.03.09"]
[Round "6.22"]
[White "Ehm, Christian"]
[Black "Schmidt, Rolf-Günther"]
[Result "1/2-1/2"]
[WhiteElo "1282"]
[BlackElo "995"]
[PlyCount "53"]
[EventDate "2020.??.??"]
[WhiteTeam "Bochumer SV 02"]
[BlackTeam "Recklinghäuser Schachgemeinschaf"]

1. d4 Nf6 2. Nf3 g6 3. b3 Bg7 4. Bb2 d6 5. g3 O-O 6. Bg2 Re8 7. O-O c6 8. Nbd2
Nbd7 9. Rb1 e5 10. Nc4 Qc7 11. dxe5 dxe5 12. e3 e4 13. Bxf6 Bxf6 14. Nfd2 Nb6
15. Nxe4 Bg7 16. Nxb6 Qxb6 17. c4 Bf5 18. c5 Qb4 19. f3 Bxe4 20. fxe4 Rad8 21.
Qc2 Rd2 22. Qc4 Qxc4 23. bxc4 Rb8 24. Rbd1 Rxd1 25. Rxd1 Bf8 26. Kf2 Bxc5 27.
Kf3 1/2-1/2